|
|
|
|
| LEADER |
00000nam0a2200000 4500 |
| 001 |
304311 |
| 005 |
20231102001705.0 |
| 020 |
|
|
|a RU
|b 82-85635
|
| 035 |
|
|
|a (RuTPU)RU\TPU\book\329546
|
| 090 |
|
|
|a 304311
|
| 100 |
|
|
|a 20150912d1982 km y0rusy5003 ca
|
| 101 |
0 |
|
|a rus
|
| 102 |
|
|
|a UA
|
| 105 |
|
|
|a a z 001zy
|
| 200 |
1 |
|
|a Организация, технология и экономика централизованного сопровождения программных средств АСУ
|f В. П. Тихомиров
|g Академия наук Украинской ССР (АН УССР), Институт кибернетики (ИК)
|
| 210 |
|
|
|a Киев
|c Наукова думка
|d 1982
|
| 215 |
|
|
|a 160 с.
|
| 320 |
|
|
|a Библиогр.: с. 155
|
| 606 |
1 |
|
|a Автоматизированные системы планирования и управления
|x Математическое обеспечение
|x Надежность
|2 stltpush
|3 (RuTPU)RU\TPU\subj\38179
|9 58835
|
| 610 |
1 |
|
|a АСУ
|
| 610 |
1 |
|
|a программные средства
|
| 610 |
1 |
|
|a экономика
|
| 610 |
1 |
|
|a организация
|
| 610 |
1 |
|
|a технология
|
| 610 |
1 |
|
|a централизованное сопровождение
|
| 610 |
1 |
|
|a выбор
|
| 610 |
1 |
|
|a методическое обеспечение
|
| 675 |
|
|
|a 658.012.011.56:681.3.06
|z rus
|v 3
|
| 700 |
|
1 |
|a Тихомиров
|b В. П.
|g Владимир Павлович
|4 070
|
| 712 |
0 |
2 |
|a Академия наук Украинской ССР (АН УССР)
|b Институт кибернетики (ИК)
|c (Киев)
|c (1962-1991)
|2 stltpush
|3 (RuTPU)RU\TPU\col\11437
|
| 801 |
|
0 |
|a RU
|b RuMRKP
|c 19950704
|g psbo
|
| 801 |
|
1 |
|a RU
|b 63413507
|c 20150912
|
| 801 |
|
2 |
|a RU
|b 63413507
|c 20180621
|g RCR
|
| 942 |
|
|
|c BK
|